[Event "RUS Ch"]
[Site "Elista RUS"]
[Date "1995.??.??"]
[Round "6"]
[White "Belikov, Vladimir"]
[Black "Saulin, Dmitri"]
[Result "1-0"]
[WhiteElo "2480"]
[BlackElo "2345"]
[EventDate "1995.10.??"]
[PlyCount "45"]
[EventType "swiss"]
[EventRounds "11"]
[EventCountry "RUS"]
[Source "ChessBase"]
[SourceDate "1996.02.01"]
[WhiteTeamCountry "GER"]
[BlackTeamCountry "GER"]

1. e4 c5 2. Nf3 d6 3. d4 cxd4 4. Qxd4 a6 5. c4 Nc6 6. Qd1 Nf6 7. Nc3 g6 8.
 h3 Bg7 9. Be2 O-O 10. O-O Be6 11. Be3 Qa5 12. Nd2 Rfc8 13. Nd5 Nd7 D 14. 
Bb6! Nxb6 15. Nb3! {White wins material.
Black's queen isn't trapped. But if it escapes to a4, he allows nxb6,
forking three heavy pieces and winning the Exchange.
Black made a savvy judgment. Rather than ... Qa4 he playe} 15. ... Nxd5! (
15. ... Qa4! 16. Nxb6 Qb4 17. Nxa8 Rxa8 18. Qc2 Rc8 19. a3 Qa4 20. Rac1 b5
21. Bg4 Bxg4 22. hxg4 b4 23. g5 bxa3 24. bxa3 Qxa3 25. c5 Nd4 26. Nxd4 
Rxc5 27. Qd2 Bxd4 28. Rb1 ) 16. Nxa5 Nc3 D {Instead o f being the Exchange
down h e preferred t o give up a lot more
material, a queen for two minor pieces. What was he thinking?
He was thinking that both material deficits - down the Exchange or giving
up the queen for two pieces - are enough to lose. But there's a practical
difference.} 17. Nxc6! {instead of 4 bxc3. This leads to a forcing 
variation} ( 17. bxc3 Nxa5 ) 17. ... Nxd1 18. Nxe7+ Kf8 19. Nxc8 {Black 
cut his material deficit by playing} 19. ... Nxb2 ( {Now White is the 
Exchange and a pawn ahead and would have another easy
time clinching the point after, say,} 19. ... Rxc8 20. Rfxd1 Bxc4 21. Rac1
Be6 ) 20. Nb6 Ra7 21. Rab1 {his task is fairly simple and Black decided to
end
matters with} 21. ... a5 22. Rfc1 Bd4 23. Rc2 1-0

[Event "Gothenburg"]
[Site "Goteborg SWE"]
[Date "1971.07.20"]
[Round "1"]
[White "Spassky, Boris V"]
[Black "Czerniak, Moshe"]
[Result "1-0"]
[WhiteElo "2690"]
[BlackElo "2380"]
[EventDate "1971.07.??"]
[Annotator "Nilsson"]
[EventType "tourn"]
[EventRounds "11"]
[EventCountry "SWE"]
[EventCategory "8"]
[Source "ChessBase"]
[SourceDate "1999.07.01"]
[WhiteTeamCountry "GER"]
[BlackTeamCountry "SWE"]

1. e4 e6 2. d4 d5 3. Nc3 Nf6 4. Bg5 dxe4 5. Nxe4 Be7 6. Bxf6 Bxf6 7. Nf3 
Nd7 8. Bc4 ( 8. Qd2 ) 8. ... O-O 9. Qe2 Nb6 ( 9. ... c6 ) 10. Bb3 Bd7 11. 
O-O Bc6 12. Nxf6+ gxf6 ( 12. ... Qxf6 13. Ne5 ) 13. Rad1 Kh8! 14. c4 Qe8 (
14. ... Rg8 ) 15. Rfe1 Rg8 16. d5! Bd7 ( 16. ... exd5 17. cxd5 Bxd5 18. 
Qe7! ) 17. Qe4 Qf8 18. Qh4 Rg6 19. Bc2 Rh6 20. Qe4 e5 21. Nd2 Nc8 22. Qe3 
Nd6 23. c5 Nf5 24. Bxf5 Bxf5 25. Nf1! Rh4 26. Ng3 Bd7 27. d6! c6 28. Qb3 
Rb8 29. Re4 Rxe4 30. Nxe4 Qh6? 31. Qxf7 Bg4 32. f3 Rf8 D {White doesn't 
have to see far at all to play this with confidence. He might
notice that  d7 looks strong. He might also see that if 4 d7 doesn't win 
quickly,
he has a good alternative in 4 Rf1 followed by a capture on f6. That 
should win
in the long run.
In any case, there is virtually no chance of Black winning. Only two 
results
are possible.} 33. Qxf8+! {Of course, Boris Spassky could calculate well 
enough to check out all the
variations after 3 fxg4 until they reached a 'and White wins' end. But 
often there
are simply too many lines that last too many moves into the future to 
count out
and evaluate.} ( 33. Qe7 Bf5 34. d7 Bxd7 35. Rxd7 Qe3+ 36. Kf1 Qh6 37. 
Nxf6 Qc1+ 38. Kf2 Qc2+ 39. Ke3 Qc1+ 40. Ke4 Qc4+ 41. Kf5 Qf4+ 42. Ke6 Qc4+
43. Nd5 ) 33. ... Qxf8 34. fxg4 {White doesn't have to see far at all to 
play this with confidence. He might
notice that 4 d7 looks strong. He might also see that if 4 d7 doesn't win 
quickly,
he has a good alternative in Rf1 should win
in the long run.
In any case, there is virtually no chance of Black winning. Only two 
results
are possible.} 34. ... Qd8 35. d7 Kg8 ( 35. ... Kg7 36. Nd6! ) 36. Nxf6+ 
Kf7 37. Ne4 Ke7 38. Nd6! 1-0

[Event "World Cup"]
[Site "Rotterdam NED"]
[Date "1989.??.??"]
[Round "?"]
[White "Sax, Gyula"]
[Black "Ehlvest, Jaan"]
[Result "0-1"]
[WhiteElo "2610"]
[BlackElo "2600"]
[EventDate "1989.06.??"]
[PlyCount "80"]
[EventType "tourn"]
[EventRounds "15"]
[EventCountry "NED"]
[EventCategory "15"]
[Source "ChessBase"]
[SourceDate "1989.12.01"]
[WhiteTeamCountry "HUN"]
[BlackTeamCountry "ISL"]

1. e4 e6 2. d4 d5 3. Nc3 Nf6 4. Bg5 dxe4 5. Nxe4 Be7 6. Bxf6 Bxf6 7. Nf3 
O-O 8. Qd2 b6 9. O-O-O Bb7 10. Qf4 Nd7 11. Bd3 Be7 12. h4 Nf6 13. Neg5 Qd6
14. Ne5 Rad8 15. Rh3 c5 16. Rg3 D {Black took the practical way out. He 
chose} 16. ... Qxd4! ( 16. ... cxd4? 17. Bxh7+ Nxh7 18. Ngxf7 Qxe5 ) ( 
16. ... g6 17. Nxh7 Nh5 18. Qh6 Nxg3 19. Nxg6 fxg6 20. Qxg6+ Kh8 21. Nxf8 
Qf4+ 22. Kb1 Be4 23. Bxe4 Qxe4 24. Qh6+ Kg8 25. Nxe6 Nh5 26. Nxd8 Bxd8 27.
 Qxh5 cxd4 28. f3 Qe6 29. f4 +- ) 17. Bxh7+ Nxh7 18. Rxd4 Rxd4 {kills the 
attack at a small material cost. Play went} 19. Qe3 Nxg5 20. hxg5 D {It 
may not be obvious but White's attacking chances are extinguished. An
added benefit is that Black's moves are easier to find. After} 20. ... Re4
21. Qc3 Bd6 22. f4 Rxf4 23. Rd3 Bd5 24. Nf3 Rg4 25. Qe1 c4 26. Rd4 Rxg2 {
Taking the easy way out' used to be considered laziness. Masters know that
moves like 16 . . .Qxd4 ! save energy but also half points. And with that 
it's time
again for you to work on some quiz positions.} 27. Qd1 Rd8 28. b4 Rg3 29. 
Ne1 Rxg5 30. a3 Rg1 31. Qe2 c3 32. Qf2 Rh1 33. Rd1 Rh2 34. Qd4 Rc8 35. Nd3
Rc4 36. Qe3 Rg4 37. Rf1 f5 38. Ne1 Rh1 39. Qe2 Re4 40. Qd3 Rxe1+ 0-1

[Event "Buenos Aires Sicilian"]
[Site "Buenos Aires ARG"]
[Date "1994.??.??"]
[Round "14"]
[White "Shirov, Alexei"]
[Black "Ivanchuk, Vassily"]
[Result "0-1"]
[WhiteElo "2740"]
[BlackElo "2695"]
[EventDate "1994.10.??"]
[Annotator "Boensch,U"]
[EventType "tourn"]
[EventRounds "14"]
[EventCountry "ARG"]
[EventCategory "18"]
[Source "ChessBase"]
[SourceDate "2004.01.01"]
[BlackTeam "II"]
[WhiteTeamCountry "GER"]
[BlackTeamCountry "GER"]

1. e4 c5 2. Nf3 d6 3. d4 cxd4 4. Nxd4 Nf6 5. Nc3 a6 6. Be3 e6 7. Be2 Qc7 
8. g4 d5!! =+ ( 8. ... h6 9. Qd2 ( 9. a4 d5 10. exd5 exd5 11. h4 Bb4 12. 
Kf1 Nc6 13. Kg2 Bxc3 14. bxc3 Ne4 = {Makarichev,S-Beliavsky,A USSR(ch) 
1978} ) ( 9. f4 Nc6 ( 9. ... e5?! 10. Nf5 g6 11. Ng3 exf4 12. Bxf4 Be6 13.
 Qd2?! ( 13. Qd4! += ) 13. ... Nbd7 14. O-O-O O-O-O = {Shirov,A-Ftacnik,L 
Pardubice (05) 1994 1/2 42} ) 10. g5 hxg5 11. fxg5 Nxd4 12. Bxd4 Nd7 13. 
Qd2 b5 14. a3 Bb7 15. O-O-O O-O-O {Koka,O-Arakhamia,K Bern op (9) 1991 0-1
39} ) 9. ... b5 10. a3 Bb7 11. f3 Nbd7 12. O-O-O d5 13. exd5 Nxd5 14. Nxd5
Bxd5 15. Rhe1 Bc5 16. Bxb5 axb5 17. Nxb5 Qc6 18. Bxc5 +- {
Nevedmichy,V-Timoshenko,G Bucharest 1993 1-0 34} ) ( 8. ... b5 9. g5 Nfd7 
10. a3 Bb7 ( 10. ... Nb6 11. f4 ( 11. Qd2 N8d7 12. O-O-O Nc4 13. Bxc4 Qxc4
14. f4 Rb8 15. Kb1 b4 16. axb4 Qxb4 17. Nb3 Be7 18. Qd4 Qxd4 19. Bxd4 O-O 
20. Na5 +/- {Nevedmichy,V-Itkis,B Bucharest Ciocaltea (06) 1994 1-0 45} ) 
11. ... N8d7 12. f5 Ne5 13. fxe6 fxe6 14. O-O Nbc4 15. Bc1 Be7 = {
Gipslis,A-Peshina,G USSR 1985} ) 11. h4 ( 11. f4!? ) 11. ... Nb6 12. h5 
N8d7 13. Rg1 Nc4 14. Bxc4 Qxc4 15. Qd2 b4 16. axb4 Qxb4 17. f4 Nc5 -/+ {
Lanka,Z-Schlosser,P Nettetal (11) 1992 0-1 32} ) 9. exd5 ( 9. g5? Nxe4 10.
 Nxe4 dxe4 -/+ ) 9. ... Bb4! 10. dxe6 Bxc3+ 11. bxc3 Qxc3+ 12. Kf1 fxe6 
13. Nb3 ( 13. Kg2 O-O =+ ) 13. ... Nd5 14. Qd4 ( 14. Bd4 Qh3+ 15. Kg1 O-O 
16. Qd3 Nf4 17. Qxh3 Nxh3+ 18. Kf1 b6 19. Bxb6 Bb7 20. f3 Rxf3+ 21. Bxf3 
Bxf3 -/+ ) 14. ... Qc7 15. Bd3 Nc6 ( 15. ... O-O!? ) 16. Qe4 Ne5?! ( 
16. ... Nf6 17. Qa4 Bd7 18. Nc5 O-O =+ ) 17. Bc5! Bd7 18. Re1 Nxd3 19. 
cxd3 Nf4! {/\ Bb5} 20. Nd4 Qxc5 ( 20. ... O-O-O?? 21. Rc1 +- ) 21. Qxf4 
Rf8 22. Qe4? ( 22. Nxe6 Bxe6 23. Rxe6+ Kd7 24. Qe3 Rac8 = ) 22. ... O-O-O 
=+ 23. Re2 ( 23. Kg2?? Bc6 24. Nxc6 Qxf2+ 25. Kh3 Rf3+ -+ ) 23. ... Kb8 
24. Rg1? ( 24. Kg2 Bc8 ( 24. ... e5? 25. Rb1 +/- ) ( 24. ... Qxd4 25. Qxd4
Bc6+ 26. Qe4 Bxe4+ 27. dxe4 = ) 25. Nxe6 Bxe6 26. Qxe6 Rxd3 27. Rb1 = ) 
24. ... Qc7 25. Nxe6 ( 25. Qxh7!? ) 25. ... Bxe6 26. Qxe6 Qxh2 27. Qe3 D {
Black has all the winning chances. But White has real drawing chances.
What should Black play?

---------------

White wants to escape into an end game with Qg3+. But} 27. ... Ka8! -/+ {
leaves him with both a difficult position and hard choices.
The post-mortem showed that} 28. Rg3? Rc8! 29. Rg2 ( 29. Rh3 Rc1+ 30. Qxc1
Qxh3+ ) 29. ... Qh1+ 30. Rg1 Qh4 31. Rg2? ( 31. Qg3 -/+ ) 31. ... Rf3! -+ 
32. Qd2 Qh1+ ( 32. ... Rxd3 33. Qxd3 Qh1+ 34. Rg1 Rc1+ 35. Re1 Rxe1+ 36. 
Kxe1 Qxg1+ -+ ) 33. Rg1 Qh3+ ( 33. ... Qh3+ 34. Rg2 Rxd3 35. Qe1 Rdc3 -+ )
0-1

[Event "Candidates qf3"]
[Site "Quebec CAN"]
[Date "1989.??.??"]
[Round "2"]
[White "Spraggett, Kevin"]
[Black "Jussupow, Artur"]
[Result "1-0"]
[WhiteElo "2575"]
[BlackElo "2610"]
[EventDate "1989.02.??"]
[Annotator "Horn,Pe"]
[EventType "match"]
[EventRounds "9"]
[EventCountry "CAN"]
[Source "ChessBase"]
[SourceDate "1999.07.01"]
[WhiteTeamCountry "GER"]
[BlackTeamCountry "HUN"]

1. Nf3 d5 2. g3 Nf6 3. Bg2 Bf5 4. c4 e6 5. O-O Be7 6. b3 O-O 7. Bb2 h6 8. 
d3 Bh7 9. Nbd2 Nc6!? 10. a3 a5 11. cxd5 exd5 12. Qc2 Nd7?! {12...Qd6! /\ 
Nd7} 13. Bh3! Re8 ( 13. ... Bf6?! 14. Bxd7 Bxb2 15. Bxc6 Bxa1 16. Bxb7 Rb8
17. Bxd5 += ) 14. Rfe1 Nf8 15. Rac1 Ne6? 16. Qb1? ( 16. Bxe6! fxe6 17. Ne5
Nxe5?! {17...Ra6!?} 18. Bxe5 Bxa3 19. Qxc7! +/- ) 16. ... Bf6 17. Qa1 Bxb2
18. Qxb2 Qd6 19. Rb1 Nc5 20. Bf1 Bf5 {20...Re7 !?} 21. Rec1 Na6 22. Rc2 
Re7 23. Rbc1 Rae8 24. e3 Bh7 25. Nb1 Rd8 26. Be2 d4 27. e4 f5 28. exf5 
Bxf5 29. Bf1 Qd7 30. Nbd2 Rf8?! D {>= 30...Nab8! deckt c6

How can White make his life easier?

--------------------

} 31. Rxc6! bxc6 32. Nxd4 {he ensures that his next several
moves will be easier to find than Black's.
This comes at a small material cost and with the compensation of Black's
wrecked queenside pawns and his weakness on light squares. That is clear 
after,
say, 2 . . . c5 3 Nxf5 Qxf5 4 Ne4.
The game went} 32. ... Nb8 ( 32. ... c5!? 33. Nxf5 Qxf5 34. Ne4 Qd5 ) 33. 
Nxf5?! {>= 33.Nc4 /\ Ne3} 33. ... Qxf5 34. Ne4 D {and Black was forced to 
make
tough choices.} 34. ... Nd7? {34... Qe5} 35. Rxc6 Ne5 {>= 35...Nf6} 36. 
Rc5 Nf3+!? ( 36. ... Qh5!? 37. h3! +/- ( 37. f4? Nxd3! 38. Bxd3 Qd1+ 39. 
Bf1 Rxe4 40. Rxc7 Qd4+ += ) ) 37. Kh1 Qg6 38. Rxa5 Qb6 {38...Ne1 !? 
39.Qd4!} ( 38. ... Rxe4? 39. dxe4 Qxe4 40. Bc4+ Kh8 41. Qe2! +- ) 39. b4 
Nxh2? 40. Qb3+! ( 40. Kxh2? Rxe4! 41. Qb3+ Re6 42. Re5 Rxf2+ 43. Bg2 Rf6 
44. Rxe6 Rxe6 45. Bd5 Qf2+ = ) 40. ... Kh7 41. Kxh2 Rxf2+ 42. Bg2! ( 42. 
Nxf2? Qxf2+ 43. Bg2 Re3! -+ ) 42. ... Rf8 43. Rc5 Kh8 44. a4 Qg6 45. a5 
Qg4 46. Qc2 c6 47. a6 Rb8 48. Rxc6 Qh5+ 49. Kg1 Rxb4 50. Rc8+ Kh7 51. d4 
Qf5 52. g4 Qg6 53. Nf6+! gxf6 54. Rh8+ 1-0

[Event "Alekhine Open"]
[Site "Moscow RUS"]
[Date "1992.??.??"]
[Round "?"]
[White "Novik, Maxim"]
[Black "Dvoirys, Semen I"]
[Result "1/2-1/2"]
[WhiteElo "2430"]
[BlackElo "2570"]
[EventDate "1992.10.??"]
[Annotator "Ribli"]
[EventType "swiss"]
[EventRounds "9"]
[EventCountry "RUS"]
[Source "ChessBase"]
[SourceDate "2004.01.01"]
[WhiteTeam "II"]
[WhiteTeamCountry "GER"]
[BlackTeamCountry "GER"]

1. Nf3 Nf6 2. c4 c5 3. Nc3 Nc6 4. d4 cxd4 5. Nxd4 e6 6. g3 Qb6 7. Nb3 Ne5 
8. e4 Bb4 9. Qe2 d6 10. f4 Nc6 11. Be3 Qc7 12. Bg2 e5 ( 12. ... Bxc3+ 13. 
bxc3 e5 14. c5 dxc5 15. Bxc5 += {Smejkal,J-Gdanski,J Polanica Zdroj 1991 
CBM/26} ) 13. Rc1! ( 13. f5 Bxc3+ 14. bxc3 b6 ~ ) 13. ... exf4 14. gxf4 
Qe7 ( 14. ... O-O 15. O-O Bxc3 16. Rxc3 += ) 15. Bd2 Na5 ( 15. ... O-O 16.
 Nd5 Bxd2+ 17. Nxd2 Nxd5 18. cxd5 += ) 16. Nxa5 Bxa5 17. c5! D {White has 
just played c5 ! so that l ... dxc5 2 e5 fo llowed by Nd5 after the
knight retreats. Should Black avoid that? And, if so, how?

-----------------

Black has a choice between giving White a strong initiative (with
I . . . dxc5 or I . . . Bxc3) or seizing his own. White felt that I . . . 
Bxc3 would have
been second-best because he has a powerful position after either 2 .Bxc3 
dxc5
3 e5 Nd7 4 0-0 and 5 f5 or 2  Rxc3 dxc5 3 e5 Nd7 4 0-0 0-0 5 Rg3 .
He praised his opponent's} 17. ... O-O! {even though} ( 17. ... Bxc3!? 18.
 Bxc3 dxc5 19. Bxf6 ( 19. e5!? =/& ) 19. ... Qxf6 20. Qb5+ Bd7 21. Qxb7 
Qxf4 22. Qxa8+ Ke7 23. Qxh8 Qe3+ 24. Kd1 Qd3+ 25. Ke1 Qe3+ = ) 18. cxd6 
Qxd6 19. e5 {costs a
piece. It turns out that Black has his own initiative - and much easier 
moves to
find - after play went} 19. ... Qd8 20. exf6 Re8 21. Ne4 ( 21. Be3 Bf5 ( 
21. ... Bg4! =/& ) 22. b4 Bd3 23. Rd1 Bxe2 24. Rxd8 Bxd8 25. Kxe2 Bxf6 26.
 Ne4 ) 21. ... Bf5 22. Bxa5 Qxa5+ 23. Kf2 Qb6+ 24. Kg3 ( 24. Qe3!? Qxb2+ (
24. ... Qxe3+? 25. Kxe3 gxf6 26. Rc5 +- ) 25. Kg3 +/- ) 24. ... gxf6 {/\ 
Lxe4, f5} 25. Rc4 Kh8 26. h3 Be6! 27. Rc5? ( 27. Rcc1 Bd5 28. b3 +/- ) 
27. ... Rg8+ 28. Kh2 f5 29. Rb5 ( 29. Qc2 fxe4 30. Qc3+ Rg7 31. Rg5 Rg8 ~ 
) 29. ... Qc7! 30. Ng3 Rxg3! 31. Kxg3 Rg8+ 32. Kh2 Qxf4+ 33. Kg1 Qd4+ 34. 
Kh2 Qf4+ 35. Kg1 Qd4+ 1/2-1/2

[Event "Dortmund"]
[Site "Dortmund GER"]
[Date "1996.??.??"]
[Round "9"]
[White "Polgar, Judit"]
[Black "Leko, Peter"]
[Result "1/2-1/2"]
[WhiteElo "2665"]
[BlackElo "2630"]
[EventDate "1996.07.??"]
[Annotator "Ribli"]
[EventType "tourn"]
[EventRounds "9"]
[EventCountry "GER"]
[EventCategory "18"]
[Source "ChessBase"]
[SourceDate "2004.01.01"]
[WhiteTeamCountry "POL"]
[BlackTeamCountry "ESP"]

1. e4 c5 2. Nf3 e6 3. d4 cxd4 4. Nxd4 Nc6 5. Nc3 Qc7 6. Be3 a6 7. Bd3 b5 (
7. ... Nf6 ) 8. O-O Bb7 9. Nxc6 Qxc6 10. Re1 ( 10. Kh1 Nf6 11. f3 Bc5 12. 
Qe1 Bxe3 13. Qxe3 Qc7! 14. a4 b4 15. Na2 a5 16. c3 bxc3 17. Nxc3 O-O = {
Almasi,Z-Leko,P/ Groningen/1995/CBM48/INF65,188/} ) 10. ... Nf6 11. Bd4 
Be7 12. Qf3 b4!? N ( 12. ... d6 ) ( 12. ... Qc7 13. a3 Rc8?! 14. Qh3 h5 
15. e5 Ng4 16. Be4 g6 17. Qf3 Bc6 18. h3 Nh6 19. g4 hxg4 20. hxg4 Ng8 21. 
Kg2 +/- {und Weiss hat grossen Raumvorteil./Popovic - 
Leko/Beograd/1996/CBM52/INF66,(155)/} ) 13. Nd1 d6 14. b3 ( 14. Qg3 O-O 
15. Ne3 g6 ~ ( 15. ... e5?? 16. Nf5 +- ) ) 14. ... O-O 15. Bb2 Nd7 = {
Schwarz droht mit 16...Bf6 den gefaehrlichen Laeufer zu tauschen.} 16. Qh3
Ne5 17. Ne3 ( 17. Bxe5? {-ein grober positioneller Fehler-} 17. ... dxe5 
-/+ {und Wei ist auf den schwarzen Feldern sehr schwach.} ) 17. ... Ng6 {
Jetzt beginnt die Manöverphase.Es gibt keine konkreten Ziele, beide 
Spieler probieren ihre Figurenstellung zu verbessern.} 18. Rad1 Rfe8 19. 
Nc4 a5 20. Qg4 Qc5 21. Bf1 d5 22. exd5 Bxd5 23. a4 bxa3 24. Bxa3 Qc7 25. 
Bxe7 Nxe7 {Weiss hat eine Bauernmehrheit am Damenflügel, aber das hat 
keine Bedeutung. Schwarz steht sehr aktiv.} 26. Ne5 Ng6 ( 26. ... Qxc2 27.
 Bd3 Qxb3 28. Bxh7+ ) 27. Nxg6 hxg6 28. Bd3 Rab8 {Weiss steht nur 
theoretisch besser.Mit einem Läufer auf d5 kann man die Partie nicht 
verlieren.} 29. Qg5 Bc6 30. h4 a4 31. bxa4 Bxa4 32. Re4 D {Black should be
OK if he retreats his attacked bishop to c6. What else is
there to consider?

---------------

} 32. ... Bxc2! {and a bit of calculation, Black reduced the results to
two. It should be easy to see that} ( 32. ... Bc6 = ) 33. Rc1! ( 33. Rc4 
Qxc4 34. Bxc4 Bxd1 {can end only in a
Black win or a draw. (A win is more likely.)} ) 33. ... Rb1! 34. Ree1! D {
But once again Black has a simple way to secure two results:} ( 34. Rc4 
â–¡ Qd8! 35. Qxd8 Rxd8 36. Rxb1 Bxb1 37. Bxb1 Rd1+ ) ( 34. Rxb1 Bxd3 ) 
34. ... Bxd3! 35. Rxc7 Rxe1+ {with a rook, bishop and pawn for the queen, 
and all the pawns
on the kingside. It was drawn in 15 more moves.} 36. Kh2 Rb1 = {Weiss hat 
eine Dame für Turm, Läufer und Bauer. Der Kampf findet nur am Königsflügel
statt, so kann sich die Kraft der weissen Dame nicht zeigen.} 37. f3 Rb5 
38. Qc1 Rd5 39. Qc6 Rf8 40. Re7 Bb5 41. Qb6 Bf1 42. Kg1 Bc4 43. Qb4 {Diese
Partie wurde in der entscheidenden letzten Runde gespielt. Weiss probiert 
noch etwas, doch kann er der Punkteteilung nicht ausweichen.} 43. ... Rd1+
44. Kh2 Bd5 45. Qg4 Rc1 46. h5 gxh5 47. Qxh5 Rcc8 48. Qg5 Bc6 49. Kg3 Rfe8
50. Ra7 Ra8 51. Rc7 {Eine kämpferische Partie von zwei jungen Ungarn. 
Ribli} 1/2-1/2